00430nam a2200109 4500008004100000022001300041245008100054260011900135300001300254650002600267650002700293240219b |||||||| |||| 00| 0 eng d a07426763 aThe American journal of Islamic social sciences-Vol. 28, no. 3 (Summer 2011) aHerndon, (USA) : bThe Association of Muslim social scientists : International institute of Islamic thought,c2011 b1-158 p. aIslam -- Periodicals  aMuslims -- Periodicals